000
00283nam a22001217a 4500
020
_a
9789383101221
082
_a
660.6
_b
CAN/FU
100
_a
Canon,Brier
_9
920
245
_a
Fundamentals of Food Biotechnology
260
_a
Jaipur
_b
Agrotech Press
_c
2014
300
_a
272
942
_c
BK
999
_c
14527
_d
14527